000 01333nam a2200229Ia 4500
003 OSt
005 20210729121046.0
008 210310s1980 ck gr 000 0 spa d
040 _aCO-JMCR
_cCO-JMCR
041 0 _aspa
082 0 4 _a332.11 /
_bM177h
_223
100 1 _aMartínez Racamán, Jaime,
_eautor
_927199
245 1 0 _aHistoria jurídica del Banco de la Republica /
_cJaime Martínez Racamán
260 _aBogotá :
_bBanco de la República,
_c1980.
300 _a171 páginas
_c23 cm.
501 _aCon: datos bibliográficos al final de pagina.
505 0 _aFundación del banco de la república. -- Constitución del banco de la república. -- Primeras reformas. -- Facultades monetarias y reformas de 1951. -- Intento de nacionalización y decreto 322 de 1957. -- Junta Monetaria. -- Preliminares de la nacionalización. -- Ley 7ª de 1973 y sus antecedentes. -- Contrato entre el gobierno y el banco en desarrollo de la ley 7ª de 1973. -- Demanda de inconstitucionalidad de la ley 7ª de 1973. -- Decreto 2017 y 2618 de 1973. -- Estatutos del banco de la república. -- Reforma constitucional.
650 1 4 _aDerecho bancario
_927201
650 2 4 _aHistoria jurídica
_xBanco de la república
_zColombia
_938882
650 2 4 _aFacultades monetarias
_xBanco de la república
_zColmbia
_938883
942 _2ddc
_cBK
999 _c12066
_d12066